000 00455nam a2200181Ia 4500
008 090124s9999 xx 000 0 und d
082 _b116606
100 _aसाठे भा.स.
245 _a दोन दिवे
250 _a1
260 _c1970
300 _a90
600 _aसाठे भा.स.
630 _a दोन दिवे
700 _aसाठे भा.स.
730 _a दोन दिवे
942 _cBOOK
999 _c162692
_d162692